Một số nền mỹ thuật thế giới

Đã lưu trong:
Bibliografiske detaljer
Hovedforfatter: Nguyễn, Phi Hoanh
Format: Bog
Sprog:Undetermined
Udgivet: Hà Nội Văn hóa 1978
Fag:
Tags: Tilføj Tag
Ingen Tags, Vær først til at tagge denne postø!
Thư viện lưu trữ: Trung tâm Học liệu Trường Đại học Cần Thơ
LEADER 00479nam a2200169Ia 4500
001 CTU_9463
008 210402s9999 xx 000 0 und d
082 |a 709 
082 |b H408 
100 |a Nguyễn, Phi Hoanh 
245 0 |a Một số nền mỹ thuật thế giới 
245 0 |c Nguyễn Phi Hoanh 
260 |a Hà Nội 
260 |b Văn hóa 
260 |c 1978 
650 |a arts - history 
980 |a Trung tâm Học liệu Trường Đại học Cần Thơ